000 00917nam a22002651u 4500
001 04177
003 HDC
007 cr cn ---aaaaa
008 210115p9999 my fo d 00 engg
040 _aHDC
245 0 _aMedical Device Guidance Document :
_bGd-Xx Guidance On The Classification Of Medical Device
260 _aMalaysia:
_bMinistry of Health,
_c[no year]
300 _a31 pages :
_billustrations
336 _atext
_2rdacontent
337 _acomputer
_2rdamedia
338 _aonline resource
_2rdacarrier
650 _aGuidance document
_94233
650 _aHealth
_94234
650 _aMedical device
_94232
710 _aMinistry of Health Malaysia
_eissuing body
856 _zRequest full-text at [email protected]
942 _2lcc
942 _cEIS
942 _kREPT 000149
999 _c1502
_d1502